[Event "Oslo OSS-ch Junior-B"]
[Site "Oslo"]
[Date "2020.06.24"]
[Round "1"]
[White "Shi, Johnson"]
[Black "Gilmessen, Subhan"]
[Result "1-0"]
[WhiteElo "1189"]
[BlackElo "1534"]
[PlyCount "95"]
[EventDate "2020.06.24"]
[EventType "swiss"]
[EventRounds "5"]
[EventCountry "NOR"]
[SourceTitle "EXT 2024"]
[Source "ChessBase"]
[SourceDate "2023.10.10"]
[SourceVersion "1"]
[SourceVersionDate "2023.10.10"]
[SourceQuality "1"]

1. c4 Nc6 2. Nc3 e5 3. g3 b6 4. Bg2 Bb7 5. d3 Nf6 6. e3 Bb4 7. Nge2 d6 8. Bd2 Na5 9. Qa4+ Nd7 10. Bxb7 Nxb7 11. Qxb4 Nbc5 12. Nc1 a5 13. Qa3 f5 14. d4 exd4 15. exd4 Qe7+ 16. Be3 Na6 17. Nd5 Qe4 18. Rg1 c6 19. Nf4 Nb4 20. Kd2 Nc2 21. Qd3 Nxa1 22. Qxe4+ fxe4 23. Nce2 Ke7 24. Nc3 Nf6 25. Rxa1 Rhd8 26. Ke2 Rac8 27. c5 bxc5 28. dxc5 d5 29. Rd1 Rb8 30. Na4 Rb4 31. b3 d4 32. Bd2 Rb5 33. h3 g5 34. Ng2 Nd5 35. Bxg5+ Nf6 36. Ne3 d3+ 37. Kd2 Rg8 38. Nf5+ Ke6 39. Nd4+ Kf7 40. Bxf6 Rb4 41. Nxc6 Rxa4 42. bxa4 Kxf6 43. Ke3 Re8 44. Nd4 Ke5 45. c6 Rc8 46. Rc1 d2 47. Rd1 Rd8 48. Rxd2 1-0